00337nam a2200121Ia 4500008004100000024001400041082001700055100001800072245004100090260002500131600002100156650003800177250506s9999 xx 000 0 und d a11B-85-BS a005.1072 HUM aHummam Thanvi 0aProject Based Inventory With Costing aKarachi:bUIT,c2011 aComputer Science aBachelor of Computer Science (BS)